000 00602nam 22001813 4500
001 200677
090 _a200677
100 _a20260220d u||y0pory50 ba
200 _aCantaria barroca
_fAffonso Ávila
210 _aRio de Janeiro
_cMaurício Andrés , Sebastião Nunes
_d1975
215 _a[68] p.
_cil. ; brochado
_d22 cm
317 _a. - Oferta com dedicatória do escritor ao Prof. Dr. Almeida Faria
606 _93748
_aLiteratura Brasileira Poesia
675 _a821.134.3(81)-1"19/20"
_vBR
_zpor
700 _916439
_aÁvila
_bAffonso
_f1928-2012
801 _aPT
_bBMMN
_gRPC
830 _cAna
_fAna
990 _cLIVROS